| 000 | 01321nam a2200241Ia 4500 | ||
|---|---|---|---|
| 003 | PE SENCICO BE | ||
| 005 | 20251020182423.0 | ||
| 008 | 200515s9999 xx 000 0 und d | ||
| 040 |
_aPE SENCICO BE _cPE SENCICO BE |
||
| 041 | _aspa | ||
| 082 |
_a516 _bR74 |
||
| 100 | 1 |
_aRodriguez Cárdenas, Mauro Efraín _92109 |
|
| 245 | 1 | 0 |
_aGeometría 2000 : _bproblemas propuestos con sus respuestas / _cMauro Efraín Rodriguez C. |
| 250 | _a2a ed. | ||
| 260 |
_aLima : _bAlgoritmo, _c1989 |
||
| 300 |
_a350 p. : _bgraf. ; _c21 cm. |
||
| 490 | _aColección Algoritmo | ||
| 505 | _aLinea recta -- Máximo número de punto de corte -- Angulos -- Triangulos propiedades básicas -- Triángulos (Igualdad) -- Triangulos : puntos notables -- Polígonos -- Cuadrilateros -- Circunferencia -- Proporcionalidad de segmentos -- Semejanza de triangulos -- Relaciones métricas en triangulos -- Relaciones métricas de triángulos oblicuángulos -- Realaciones métricas en la circunferencia -- Formulas de polígonos -- Areas -- Rectas, planos y diedros -- Angulos poliedros y poliedros - Prisma, cilindro, troncos -- Pirámide, cilindro, troncos -- Pirámide, cono, troncos -- Esfera -- Miscelánea de problemas | ||
| 650 | 1 | 0 |
_aGeometría _921 |
| 650 | 2 | 0 |
_aTriángulo _92114 |
| 650 | 2 | 0 |
_aMatemáticas _92106 |
| 942 |
_cLIB _2ddc |
||
| 999 |
_c34 _d34 |
||